000 00482nam a22001817a 4500
005 20250415121127.0
008 250411b |||||||| |||| 00| 0 eng d
020 _a978-81-19868-063
041 _aeng
082 _a345.075 VER -B
100 _aVERMA, DR.J.K
_94411
245 _aBHARATIYA NAGARIK SURAKSHA SANHITA, 2023 [CRIMINAL PROCEDURE] A COMMENTARY
250 _a 1ST ED. 2024
260 _aLUCKNOW
_bEBC
300 _a532;P
650 _aLEGAL STUDIES
_98608
942 _cBK
999 _c8741
_d8739